[Event "Copa Latinoamericana de Ajedrez 2011"]
[Site "Montevideo URU"]
[Date "2011.11.03"]
[Round "4.48"]
[White "Crespo, Antonio Rogerio"]
[Black "Lopez, Aldi"]
[Result "0-1"]
[WhiteElo "2153"]
[BlackElo "2076"]
[PlyCount "128"]
[EventDate "2011.11.01"]
[EventType "swiss"]
[EventRounds "9"]
[EventCountry "URU"]
[Source "lmi"]
[SourceDate "2011.11.01"]

1. e4 Nf6 2. e5 Nd5 3. d4 d6 4. Nf3 g6 5. c4 Nb6 6. exd6 cxd6 7. Nc3 Bg7 8. Be3
Nc6 9. h3 Bd7 10. Be2 O-O 11. O-O a5 12. Qd2 Re8 13. c5 Nc8 14. Rfd1 a4 15.
Rac1 Nb4 16. Nb5 Nd5 17. Bg5 Qa5 18. cxd6 exd6 19. Nc7 Nxc7 20. Qxa5 Rxa5 21.
Rxc7 Bc6 22. Bc4 d5 23. Bd3 f6 24. Bd2 Ra8 25. Rc1 Bf8 26. Bf4 Bd6 27. Rxc8
Bxf4 28. Rxe8+ Rxe8 29. Rc2 a3 30. b3 Bd6 31. Kf1 Bb4 32. Re2 Rc8 33. Rc2 Kf7
34. Be2 Bd6 35. Ne1 Re8 36. Bd3 Bd7 37. Re2 Rb8 38. Nc2 b5 39. b4 Rc8 40. g3
Bxh3+ 41. Ke1 Bd7 42. Kd2 h5 43. Re1 g5 44. Rh1 Rh8 45. Kc3 h4 46. Nxa3 Rc8+
47. Kb3 hxg3 48. fxg3 Bxg3 49. Rh7+ Ke6 50. Nxb5 Rg8 51. Nc3 Bc6 52. b5 Ba8 53.
a4 g4 54. Bf1 f5 55. a5 f4 56. b6 Bc6 57. a6 f3 58. Rh6+ Kd7 59. Rh7+ Kc8 60.
Nb5 Bb8 61. Na7+ Bxa7 62. Rxa7 g3 63. Rc7+ Kb8 64. Rxc6 g2 0-1

[Event "Copa Latinoamericana de Ajedrez 2011"]
[Site "Montevideo URU"]
[Date "2011.11.03"]
[Round "4.49"]
[White "Pazdur, Martin"]
[Black "Rodriguez, Sergio"]
[Result "1/2-1/2"]
[WhiteElo "2230"]
[BlackElo "2009"]
[PlyCount "79"]
[EventDate "2011.11.01"]
[EventType "swiss"]
[EventRounds "9"]
[EventCountry "URU"]
[Source "lmi"]
[SourceDate "2011.11.01"]

1. e4 e5 2. Nf3 Nc6 3. Bb5 g6 4. O-O Bg7 5. c3 Nge7 6. d4 O-O 7. dxe5 h6 8. Be3
Kh7 9. Qd2 a6 10. Ba4 b5 11. Bc2 Ng8 12. a4 Bb7 13. Rd1 Nxe5 14. Nxe5 Bxe5 15.
f4 Bg7 16. Qxd7 Nf6 17. Qh3 Qe7 18. e5 Nd5 19. Bc1 Qc5+ 20. Kh1 Qf2 21. Bd3
Nxf4 22. Bxf4 Qxf4 23. axb5 axb5 24. Rxa8 Rxa8 25. Na3 Rd8 26. Qg3 Qe4 27. e6
Be5 28. Qf2 Rxd3 29. Re1 Qf4 30. Qxf4 Bxf4 31. e7 Bc6 32. Nc2 Rd2 33. Nd4 Be8
34. g3 Bd6 35. b4 c5 36. bxc5 Bxc5 37. Ra1 Bxd4 38. cxd4 Bc6+ 39. Kg1 b4 40.
Ra6 1/2-1/2

[Event "Copa Latinoamericana de Ajedrez 2011"]
[Site "Montevideo URU"]
[Date "2011.11.03"]
[Round "4.50"]
[White "Muniz, Rafael"]
[Black "Ibañez, Rodrigo"]
[Result "1-0"]
[WhiteElo "2220"]
[BlackElo "1978"]
[PlyCount "68"]
[EventDate "2011.11.01"]
[EventType "swiss"]
[EventRounds "9"]
[EventCountry "URU"]
[Source "lmi"]
[SourceDate "2011.11.01"]

1. e4 e5 2. Nf3 d6 3. d4 exd4 4. Nxd4 Nf6 5. Nc3 Be7 6. Bf4 O-O 7. Qd2 a6 8. f3
b5 9. g4 b4 10. Nce2 c5 11. Nf5 Bxf5 12. gxf5 Nc6 13. Rg1 Nh5 14. Be3 Ne5 15.
Kf2 Nc4 16. Qd5 Bh4+ 17. Ng3 Nxe3 18. Kxe3 Nf4 19. Qb3 Bg5 20. Kf2 d5 21. exd5
Qf6 22. Rd1 Qh6 23. Rh1 Rfe8 24. d6 Rad8 25. Bc4 Rd7 26. a3 Nh3+ 27. Kf1 Be3
28. Ne4 Rxe4 29. Bxf7+ Kh8 30. fxe4 Qf4+ 31. Ke2 Qf2+ 32. Kd3 Rxd6+ 33. Bd5 Bd2
34. c4 bxc3 1-0

[Event "Copa Latinoamericana de Ajedrez 2011"]
[Site "Montevideo URU"]
[Date "2011.11.03"]
[Round "4.53"]
[White "Ruggiero, Alvaro"]
[Black "Froes Yano, William Jorge"]
[Result "1/2-1/2"]
[WhiteElo "1967"]
[BlackElo "2162"]
[PlyCount "62"]
[EventDate "2011.11.01"]
[EventType "swiss"]
[EventRounds "9"]
[EventCountry "URU"]
[Source "lmi"]
[SourceDate "2011.11.01"]

1. e4 e6 2. d4 d5 3. exd5 exd5 4. Bd3 Nc6 5. Nf3 Bd6 6. c3 Nge7 7. O-O Bg4 8.
b4 Qd7 9. a4 f6 10. Re1 Nd8 11. Nbd2 O-O 12. Nf1 Nf7 13. Ng3 Rae8 14. Bd2 Bxg3
15. hxg3 Bf5 16. Qe2 Bxd3 17. Qxd3 Nd6 18. Bf4 Nec8 19. Qc2 a6 20. Bxd6 Nxd6
21. Nd2 Rxe1+ 22. Rxe1 Re8 23. Rxe8+ Qxe8 24. Qd1 Qg6 25. Qb3 Qd3 26. Qxd5+ Kf8
27. Nb3 Qxc3 28. Nc5 Qc1+ 29. Kh2 Qh6+ 30. Kg1 Qc1+ 31. Kh2 Qh6+ 1/2-1/2

[Event "Copa Latinoamericana de Ajedrez 2011"]
[Site "Montevideo URU"]
[Date "2011.11.03"]
[Round "4.54"]
[White "Ledesma, Sebastian"]
[Black "Curi, Gabriel"]
[Result "1/2-1/2"]
[WhiteElo "1908"]
[BlackElo "2154"]
[PlyCount "90"]
[EventDate "2011.11.01"]
[EventType "swiss"]
[EventRounds "9"]
[EventCountry "URU"]
[Source "lmi"]
[SourceDate "2011.11.01"]

1. e4 c5 2. c3 e6 3. d4 d5 4. exd5 exd5 5. Nf3 Nc6 6. Bb5 Bd6 7. dxc5 Bxc5 8.
O-O Nge7 9. Nbd2 O-O 10. Nb3 Bd6 11. Bd3 Bf5 12. Nbd4 Bxd3 13. Qxd3 Nxd4 14.
Nxd4 Qd7 15. Be3 a6 16. a4 Rac8 17. Rfe1 Rfe8 18. a5 Bc7 19. g3 h6 20. Kg2 Qg4
21. f3 Qg6 22. Qxg6 Nxg6 23. f4 Re4 24. Kf2 Nf8 25. Nb3 Nd7 26. Nd2 Ree8 27.
Bd4 Rxe1 28. Kxe1 Re8+ 29. Kf2 Nb8 30. b4 Nc6 31. Bc5 f6 32. Re1 Rxe1 33. Kxe1
f5 34. Ke2 Kf7 35. Ke3 g5 36. Nf3 Kg6 37. Nd4 Nxd4 38. Bxd4 Kf7 39. h3 Bd6 40.
Bb6 Kg6 41. Bd4 Kf7 42. Bb6 Ke6 43. Bd4 Bf8 44. Be5 Kd7 45. Bf6 gxf4+ 1/2-1/2

[Event "Copa Latinoamericana de Ajedrez 2011"]
[Site "Montevideo URU"]
[Date "2011.11.03"]
[Round "4.55"]
[White "Cori, Kevin"]
[Black "Arias, Jorge"]
[Result "1/2-1/2"]
[WhiteElo "1902"]
[BlackElo "2151"]
[PlyCount "54"]
[EventDate "2011.11.01"]
[EventType "swiss"]
[EventRounds "9"]
[EventCountry "URU"]
[Source "lmi"]
[SourceDate "2011.11.01"]

1. e4 c5 2. Nf3 Nc6 3. Bb5 g6 4. Bxc6 bxc6 5. O-O Bg7 6. Re1 e5 7. c3 Ne7 8. d4
cxd4 9. cxd4 exd4 10. Nxd4 Qb6 11. Nb3 O-O 12. Be3 Qc7 13. Bd4 d5 14. Bxg7 Kxg7
15. Qd4+ Kg8 16. Nc3 Be6 17. exd5 cxd5 18. Rac1 Nf5 19. Qd2 Qd6 20. Nd4 Nxd4
21. Qxd4 Qb6 22. Ne2 Rfc8 23. Qe5 d4 24. Rcd1 Bg4 25. Kf1 Qxb2 26. Qxd4 Qxd4
27. Rxd4 Bxe2+ 1/2-1/2

[Event "Copa Latinoamericana de Ajedrez 2011"]
[Site "Montevideo URU"]
[Date "2011.11.03"]
[Round "4.56"]
[White "Davila, Mario"]
[Black "Escandon, Federico"]
[Result "0-1"]
[WhiteElo "1896"]
[BlackElo "2145"]
[PlyCount "48"]
[EventDate "2011.11.01"]
[EventType "swiss"]
[EventRounds "9"]
[EventCountry "URU"]
[Source "lmi"]
[SourceDate "2011.11.01"]

1. e4 e6 2. d4 d5 3. e5 c5 4. c3 Qb6 5. a3 a5 6. Nf3 Nc6 7. Be2 cxd4 8. cxd4
Nge7 9. Nc3 Nf5 10. Nb5 Na7 11. Qb3 Bb4+ 12. axb4 Nxb5 13. bxa5 Rxa5 14. Rxa5
Qxa5+ 15. Bd2 Qa1+ 16. Bd1 Nbxd4 17. Nxd4 Nxd4 18. Qc3 Nc6 19. O-O O-O 20. Bc2
Qa2 21. b3 Qa7 22. Qh3 g6 23. Bh6 Re8 24. Qh4 Qd4 0-1

[Event "Copa Latinoamericana de Ajedrez 2011"]
[Site "Montevideo URU"]
[Date "2011.11.03"]
[Round "4.57"]
[White "Cukerman, Diego"]
[Black "Blanchard, Marcel"]
[Result "1-0"]
[WhiteElo "2133"]
[BlackElo "1840"]
[PlyCount "103"]
[EventDate "2011.11.01"]
[EventType "swiss"]
[EventRounds "9"]
[EventCountry "URU"]
[Source "lmi"]
[SourceDate "2011.11.01"]

1. e4 e5 2. Nf3 Nc6 3. Bc4 Bc5 4. b4 Bxb4 5. c3 Be7 6. d4 exd4 7. cxd4 Bb4+ 8.
Kf1 Qe7 9. e5 d5 10. Bxd5 Be6 11. Bxe6 Qxe6 12. Be3 Nge7 13. Nbd2 h6 14. Qb3
Nd5 15. Rc1 O-O 16. Ke2 Nce7 17. Nc4 Nf5 18. a3 Be7 19. Qd3 Nfxe3 20. fxe3 Bg5
21. Nxg5 hxg5 22. h3 Qa6 23. g4 Qe6 24. Rcf1 b5 25. Nd2 b4 26. Ne4 bxa3 27.
Nxg5 Qh6 28. h4 Rab8 29. Qxa3 Qg6 30. e4 Nb4 31. Rf5 Qb6 32. Nf3 Qb5+ 33. Kf2
Nd3+ 34. Kg3 a5 35. e6 Qc4 36. exf7+ Rxf7 37. Rxf7 Kxf7 38. Qxa5 Rb5 39. Qd2
Rb2 40. Qg5 Rb5 41. Qd8 Rb6 42. Rf1 Nb4 43. Qd7+ Kg8 44. Qc8+ Kh7 45. Qf5+ Kg8
46. Qc8+ Kh7 47. Qf5+ Kg8 48. Kg2 Nc2 49. Qc8+ Kh7 50. Ng5+ Kg6 51. Qe8+ Kh6
52. Qh5# 1-0

[Event "Copa Latinoamericana de Ajedrez 2011"]
[Site "Montevideo URU"]
[Date "2011.11.03"]
[Round "4.58"]
[White "D'Andrea, Leonardo"]
[Black "Martinez, Ayelen"]
[Result "0-1"]
[WhiteElo "2125"]
[BlackElo "2123"]
[PlyCount "76"]
[EventDate "2011.11.01"]
[EventType "swiss"]
[EventRounds "9"]
[EventCountry "URU"]
[Source "lmi"]
[SourceDate "2011.11.01"]

1. e4 c5 2. Nf3 d6 3. d4 cxd4 4. Nxd4 Nf6 5. Nc3 a6 6. Bg5 e6 7. f4 Nbd7 8. Qf3
Qc7 9. O-O-O Be7 10. g4 h6 11. Bxf6 Nxf6 12. h4 b5 13. g5 Nd7 14. g6 Nf6 15.
gxf7+ Kxf7 16. e5 dxe5 17. fxe5 Bb7 18. Qe2 Rhd8 19. Rg1 Qb6 20. exf6 Bxf6 21.
Qh5+ Kf8 22. Nxe6+ Qxe6 23. Bd3 Qe3+ 24. Kb1 Rxd3 25. cxd3 Bf3 26. Qf5 Bxd1 27.
Rxd1 Qd4 28. h5 Rd8 29. Qe6 a5 30. Qb3 b4 31. Ne4 a4 32. Qc2 Be5 33. Qc5+ Kg8
34. Qxd4 Bxd4 35. Rc1 b3 36. axb3 axb3 37. Nc3 Rf8 38. Ne2 Be3 0-1

[Event "Copa Latinoamericana de Ajedrez 2011"]
[Site "Montevideo URU"]
[Date "2011.11.03"]
[Round "4.59"]
[White "Michailov, Matias"]
[Black "Dabraccio, Guillermo"]
[Result "1-0"]
[WhiteElo "2117"]
[BlackElo "1729"]
[PlyCount "27"]
[EventDate "2011.11.01"]
[EventType "swiss"]
[EventRounds "9"]
[EventCountry "URU"]
[Source "lmi"]
[SourceDate "2011.11.01"]

1. c4 c5 2. Nc3 Nf6 3. Nf3 Nc6 4. e3 d5 5. cxd5 Nxd5 6. d4 e6 7. Bd3 Be7 8. O-O
O-O 9. Qe2 Ndb4 10. Bb1 cxd4 11. exd4 b6 12. a3 Nd5 13. Nxd5 exd5 14. Qc2 1-0

[Event "Copa Latinoamericana de Ajedrez 2011"]
[Site "Montevideo URU"]
[Date "2011.11.03"]
[Round "4.60"]
[White "Hiriart, Guillermo"]
[Black "Cao, Jorge"]
[Result "1-0"]
[WhiteElo "2019"]
[BlackElo "2105"]
[PlyCount "163"]
[EventDate "2011.11.01"]
[EventType "swiss"]
[EventRounds "9"]
[EventCountry "URU"]
[Source "lmi"]
[SourceDate "2011.11.01"]

1. e4 e6 2. d4 d5 3. Nd2 dxe4 4. Nxe4 Be7 5. Nf3 Nd7 6. Bd3 Ngf6 7. Qe2 O-O 8.
O-O b6 9. Re1 Bb7 10. Neg5 Bd6 11. Ne5 Qe7 12. Ngf3 h6 13. a3 c5 14. Nc4 Bc7
15. c3 Rac8 16. Bd2 Rfd8 17. Rac1 Bb8 18. b4 cxd4 19. Nxd4 Nf8 20. g3 Qd7 21.
Ne5 Qd5 22. f3 Qd6 23. Bf4 Qe7 24. Bb5 Nd5 25. Ndc6 Rxc6 26. Nxc6 Bxc6 27. Bxb8
Bxb5 28. Qxb5 Qf6 29. Bxa7 Qxf3 30. Bxb6 Nxb6 31. Rc2 Nd5 32. Qc6 Qd3 33. Rf2
Qxc3 34. Qxc3 Nxc3 35. Rc2 Nd5 36. b5 Rb8 37. a4 Nd7 38. Ra2 Kf8 39. Rc2 Ke7
40. Rb1 Ra8 41. Ra1 Ra5 42. Rc4 N7b6 43. Rc6 Rxa4 44. Rf1 Rb4 45. Rc5 f6 46.
Re1 Kd7 47. Rc6 e5 48. Rc5 Rc4 49. Rxc4 Nxc4 50. Rc1 Ndb6 51. Ra1 Ke6 52. Kf2
e4 53. Ra7 g6 54. Rh7 h5 55. Rh6 Kf5 56. h3 Kg5 57. Rh7 f5 58. Rg7 e3+ 59. Kf3
Kf6 60. Rc7 g5 61. Rc6+ Ke5 62. Rc5+ Ke6 63. Rc6+ Kd5 64. Rf6 g4+ 65. Ke2 Ke5
66. Rh6 gxh3 67. Rxh5 Nd5 68. Rxh3 Nc3+ 69. Kd3 e2 70. Rh1 Nxb5 71. Kxc4 Ke4
72. Kxb5 Kf3 73. Kc4 Kg2 74. Re1 Kf2 75. Rh1 Kg2 76. Re1 Kf2 77. Rb1 Kxg3 78.
Kd3 Kf3 79. Re1 f4 80. Rxe2 Kg3 81. Ke4 f3 82. Re3 1-0

[Event "Copa Latinoamericana de Ajedrez 2011"]
[Site "Montevideo URU"]
[Date "2011.11.03"]
[Round "4.61"]
[White "Tregarthen, Emiliano"]
[Black "Iurk, Jonel Nazareno"]
[Result "0-1"]
[WhiteElo "2051"]
[BlackElo "2023"]
[PlyCount "100"]
[EventDate "2011.11.01"]
[EventType "swiss"]
[EventRounds "9"]
[EventCountry "URU"]
[Source "lmi"]
[SourceDate "2011.11.01"]

1. d4 d5 2. Nf3 c6 3. Bf4 Bf5 4. c3 e6 5. Nbd2 Nf6 6. e3 Be7 7. h3 h6 8. Ne5
Qb6 9. Qb3 Nbd7 10. Be2 Nxe5 11. Bxe5 O-O 12. O-O Ne4 13. Nxe4 Bxe4 14. Qxb6
axb6 15. a3 b5 16. f3 Bc2 17. Rac1 Bb3 18. e4 Bc4 19. Rce1 Rfe8 20. Bf4 h5 21.
g3 g6 22. h4 f6 23. Bc1 Bd6 24. Kg2 b6 25. Bxc4 bxc4 26. f4 f5 27. exd5 exd5
28. Kf3 Re4 29. Rxe4 dxe4+ 30. Ke2 Kf7 31. Be3 Ke6 32. Ra1 Kd5 33. Kd2 b5 34.
Rd1 c5 35. dxc5 Bxc5 36. Ke2+ Kc6 37. Bxc5 Kxc5 38. Rd7 Ra6 39. Rg7 Rd6 40. Rg8
Kb6 41. Rb8+ Ka5 42. Ra8+ Ra6 43. Rb8 Ka4 44. Kd2 Rd6+ 45. Kc2 Ka5 46. Rg8 e3
47. Re8 Rd2+ 48. Kc1 Rd3 49. Re5 e2 50. Rxe2 Rxg3 0-1

[Event "Copa Latinoamericana de Ajedrez 2011"]
[Site "Montevideo URU"]
[Date "2011.11.03"]
[Round "4.62"]
[White "Barboza, Mauro"]
[Black "Garcia, Cristian Javier"]
[Result "1-0"]
[WhiteElo "2051"]
[BlackElo "2053"]
[PlyCount "52"]
[EventDate "2011.11.01"]
[EventType "swiss"]
[EventRounds "9"]
[EventCountry "URU"]
[Source "lmi"]
[SourceDate "2011.11.01"]

1. e4 c6 2. d4 d5 3. exd5 cxd5 4. Nf3 Bf5 5. Be2 Nf6 6. c3 Nbd7 7. Bf4 e6 8.
Qb3 Qb6 9. Nbd2 Be7 10. Ne5 O-O 11. Ndf3 a6 12. O-O h6 13. h3 Rfd8 14. Rfe1
Rac8 15. g4 Be4 16. Nd2 Bh7 17. g5 Ne4 18. Qxb6 Nxb6 19. g6 fxg6 20. Bg4 Rd6
21. Nxe4 dxe4 22. c4 Rf8 23. c5 Rxd4 24. Be3 Rd5 25. Bxe6+ Kh8 26. Nf7+ Kg8 1-0

[Event "Copa Latinoamericana de Ajedrez 2011"]
[Site "Montevideo URU"]
[Date "2011.11.03"]
[Round "4.64"]
[White "Sanduay, Nicolas"]
[Black "Romaniello, Enrique"]
[Result "1/2-1/2"]
[WhiteElo "2016"]
[BlackElo "1880"]
[PlyCount "37"]
[EventDate "2011.11.01"]
[EventType "swiss"]
[EventRounds "9"]
[EventCountry "URU"]
[Source "lmi"]
[SourceDate "2011.11.01"]

1. e4 e6 2. d4 d5 3. Nc3 Bb4 4. Bd2 c5 5. e5 Ne7 6. f4 Nbc6 7. Nf3 a6 8. a3
Bxc3 9. Bxc3 c4 10. a4 Bd7 11. Be2 b5 12. axb5 axb5 13. Rxa8 Qxa8 14. O-O Nf5
15. Qd2 Qb7 16. Bb4 Nxb4 17. Qxb4 Qa7 18. c3 h5 19. Kf2 1/2-1/2

[Event "Copa Latinoamericana de Ajedrez 2011"]
[Site "Montevideo URU"]
[Date "2011.11.03"]
[Round "4.65"]
[White "Ottonelo Gandarias, Marcos"]
[Black "Saralegui, Mario"]
[Result "0-1"]
[WhiteElo "1749"]
[BlackElo "2169"]
[PlyCount "61"]
[EventDate "2011.11.01"]
[EventType "swiss"]
[EventRounds "9"]
[EventCountry "URU"]
[Source "lmi"]
[SourceDate "2011.11.01"]

1. e4 e5 2. Nf3 Nc6 3. d4 exd4 4. Nxd4 Nf6 5. Nc3 Bb4 6. Nxc6 bxc6 7. Bd3 d5 8.
exd5 cxd5 9. O-O O-O 10. Bg5 c6 11. Qf3 Be7 12. Rae1 h6 13. Bf4 Bd6 14. Ne2 Bg4
15. Qe3 Re8 16. Qc1 Bxe2 17. Rxe2 Rxe2 18. Bxe2 Bxf4 19. Qxf4 Qa5 20. a3 Rd8
21. Bd3 c5 22. Qf3 c4 23. Bf5 Qd2 24. h4 Qd4 25. g4 g6 26. c3 Qe5 27. Bb1 Kg7
28. Kg2 Qe6 29. Rd1 Qxg4+ 30. Qxg4 Nxg4 31. Kf3 0-1

[Event "Copa Latinoamericana de Ajedrez 2011"]
[Site "Montevideo URU"]
[Date "2011.11.03"]
[Round "4.66"]
[White "Ulaneo, Ruben"]
[Black "Visillac, Alejandro"]
[Result "1-0"]
[WhiteElo "2155"]
[BlackElo "1775"]
[PlyCount "58"]
[EventDate "2011.11.01"]
[EventType "swiss"]
[EventRounds "9"]
[EventCountry "URU"]
[Source "lmi"]
[SourceDate "2011.11.01"]

1. c4 Nf6 2. Nc3 e6 3. e4 Nc6 4. Nf3 Be7 5. e5 Ng8 6. d4 d5 7. cxd5 exd5 8. Qb3
Bb4 9. Bb5 Bxc3+ 10. Qxc3 Bd7 11. Bd3 Nge7 12. Bg5 h6 13. Bh4 g5 14. Bg3 Bf5
15. Bb5 Qd7 16. Nd2 a6 17. Ba4 b5 18. Bd1 Bg6 19. f3 Nf5 20. Bf2 f6 21. Rc1
Nfe7 22. O-O fxe5 23. dxe5 b4 24. e6 bxc3 25. exd7+ Kxd7 26. Rxc3 Nb4 27. Ba4+
Kd8 28. Bc5 Nbc6 29. Ba3 Rh7 1-0

[Event "Copa Latinoamericana de Ajedrez 2011"]
[Site "Montevideo URU"]
[Date "2011.11.03"]
[Round "4.67"]
[White "Magaldi, Nelson"]
[Black "Lopez Durand, Cesar"]
[Result "1-0"]
[WhiteElo "2123"]
[BlackElo "1758"]
[PlyCount "67"]
[EventDate "2011.11.01"]
[EventType "swiss"]
[EventRounds "9"]
[EventCountry "URU"]
[Source "lmi"]
[SourceDate "2011.11.01"]

1. e4 e6 2. d4 d5 3. Nc3 Nf6 4. Bg5 Be7 5. e5 Nfd7 6. Bxe7 Qxe7 7. Qd2 a6 8.
Nd1 c5 9. c3 Nc6 10. Nf3 h6 11. Be2 f5 12. exf6 Nxf6 13. O-O Ne4 14. Qc2 c4 15.
Bxc4 Nxf2 16. Rxf2 dxc4 17. Qg6+ Kd7 18. Ne3 b5 19. d5 Nd8 20. dxe6+ Qxe6 21.
Qxg7+ Nf7 22. Qxf7+ Qxf7 23. Ne5+ Ke7 24. Nxf7 Rh7 25. Re1 Kd7 26. Ng4 Kc7 27.
Re7+ Kb6 28. Rf6+ Ka5 29. Nge5 h5 30. b3 Rg7 31. Nc6+ Kb6 32. b4 Rxg2+ 33. Kxg2
Bb7 34. Nfe5 1-0

[Event "Copa Latinoamericana de Ajedrez 2011"]
[Site "Montevideo URU"]
[Date "2011.11.03"]
[Round "4.68"]
[White "Idiarte Borda, Jorge"]
[Black "Pesuto, Nicolas"]
[Result "0-1"]
[WhiteElo "2097"]
[BlackElo "1755"]
[PlyCount "126"]
[EventDate "2011.11.01"]
[EventType "swiss"]
[EventRounds "9"]
[EventCountry "URU"]
[Source "lmi"]
[SourceDate "2011.11.01"]

1. Nf3 d5 2. d4 e6 3. g3 f5 4. Bg2 Nf6 5. O-O Bd6 6. b3 Qe7 7. Bb2 O-O 8. Nbd2
Bd7 9. c4 c6 10. e3 Be8 11. Qc2 Nbd7 12. Rac1 Bh5 13. Ne5 Bxe5 14. dxe5 Ng4 15.
Nf3 g5 16. Qb1 Nh6 17. Nd2 g4 18. Qa1 Nf7 19. a4 Rfe8 20. h3 gxh3 21. Bxh3 Bg4
22. Bg2 Qg5 23. f4 Qg6 24. Kf2 Nd8 25. Rh1 Re7 26. Rcg1 Rg7 27. b4 Kf7 28. a5
Rb8 29. Bd4 a6 30. Qc3 Ke8 31. c5 Ke7 32. Rh4 Nf7 33. Nf1 h5 34. Qb2 Rh8 35.
Rgh1 Nf8 36. Ke1 Nh6 37. Qd2 Qf7 38. Nh2 Ng6 39. Nxg4 Nxg4 40. Rxg4 fxg4 41. e4
Kd8 42. f5 Nf8 43. exd5 cxd5 44. Bxd5 exd5 45. e6 Nxe6 46. Bxg7 Nxg7 47. Qf4
Kc8 48. Rf1 Qf6 49. Kf2 Qxf5 50. Kg1 Qxf4 51. Rxf4 Ne6 52. Rf5 d4 53. Re5 Kd7
54. Kf2 Rf8+ 55. Kg2 Rf3 56. Rxh5 d3 57. Rd5+ Kc7 58. Rd6 Ng5 59. Rd4 d2 60.
Rxd2 Rxg3+ 61. Kf1 Nh3 62. Rh2 Kc6 63. Rb2 Rg1+ 0-1

[Event "Copa Latinoamericana de Ajedrez 2011"]
[Site "Montevideo URU"]
[Date "2011.11.03"]
[Round "4.69"]
[White "Soto, Nicolas"]
[Black "Milan, Julio"]
[Result "1/2-1/2"]
[WhiteElo "2022"]
[BlackElo "1682"]
[PlyCount "56"]
[EventDate "2011.11.01"]
[EventType "swiss"]
[EventRounds "9"]
[EventCountry "URU"]
[Source "lmi"]
[SourceDate "2011.11.01"]

1. Nf3 c6 2. g3 d5 3. Bg2 Bf5 4. O-O Nf6 5. d3 h6 6. Nbd2 Nbd7 7. Qe1 e6 8. e4
Bh7 9. e5 Ng8 10. Qe2 Bc5 11. d4 Bb6 12. c4 Ne7 13. c5 Bc7 14. b4 a5 15. b5 b6
16. cxb6 Bxb6 17. a4 c5 18. dxc5 Nxc5 19. Ra3 Rc8 20. Bb2 O-O 21. Nd4 Rc7 22.
Rc1 Qb8 23. Bf1 Rfc8 24. Qd1 Qa7 25. Rac3 Nd7 26. Rxc7 Rxc7 27. Rxc7 Qxc7 28.
N4f3 Qc2 1/2-1/2

[Event "Copa Latinoamericana de Ajedrez 2011"]
[Site "Montevideo URU"]
[Date "2011.11.03"]
[Round "4.69"]
[White "Tacoronte, Daniel"]
[Black "Muzzi, Eduardo"]
[Result "1/2-1/2"]
[WhiteElo "2187"]
[BlackElo "2019"]
[PlyCount "67"]
[EventDate "2011.11.01"]
[EventType "swiss"]
[EventRounds "9"]
[EventCountry "URU"]
[Source "lmi"]
[SourceDate "2011.11.01"]

1. d4 f5 2. c4 e6 3. Nc3 Nf6 4. Nf3 d5 5. Bf4 Be7 6. e3 c6 7. Ne5 O-O 8. Bd3
Ne4 9. Bxe4 fxe4 10. O-O Nd7 11. c5 Nxe5 12. Bxe5 b6 13. cxb6 axb6 14. Qg4 Bf6
15. Bxf6 Rxf6 16. Qg3 Rg6 17. Qf4 Qe7 18. f3 Ba6 19. fxe4 Bxf1 20. Rxf1 Rf6 21.
Qg4 Rxf1+ 22. Kxf1 Qf7+ 23. Kg1 Rf8 24. h3 Qf2+ 25. Kh2 Rf6 26. exd5 cxd5 27.
Nd1 Qe1 28. Qh5 h6 29. h4 Rf1 30. Qe8+ Kh7 31. Kh3 Rh1+ 32. Kg4 Qxd1+ 33. Kf4
Rxh4+ 34. Ke5 1/2-1/2

[Event "Copa Latinoamericana de Ajedrez 2011"]
[Site "Montevideo URU"]
[Date "2011.11.03"]
[Round "4.71"]
[White "Lanzilotta, Marcelo"]
[Black "Solari, Pablo"]
[Result "1-0"]
[WhiteElo "2011"]
[BlackElo "1663"]
[PlyCount "79"]
[EventDate "2011.11.01"]
[EventType "swiss"]
[EventRounds "9"]
[EventCountry "URU"]
[Source "lmi"]
[SourceDate "2011.11.01"]

1. e4 e5 2. Nf3 Nf6 3. Nxe5 d6 4. Nf3 Nxe4 5. Nc3 Nxc3 6. dxc3 Bg4 7. Bf4 Nd7
8. Qd2 Qe7+ 9. Be3 Bxf3 10. gxf3 O-O-O 11. O-O-O Kb8 12. f4 f5 13. Bg2 Nb6 14.
c4 Qe6 15. b3 Be7 16. Rhe1 Qf7 17. Qa5 g6 18. Bd5 Qg7 19. c3 Bf6 20. Kc2 Rhe8
21. Rd3 h6 22. Red1 g5 23. c5 dxc5 24. Qxc5 Be7 25. Qa5 Bd6 26. Bh1 Qf6 27.
R1d2 gxf4 28. Bd4 Qg5 29. Bf3 Qg1 30. c4 Re1 31. Rd1 Rxd1 32. Rxd1 Qg6 33. c5
Bxc5 34. Qxc5 Nc8 35. Be5 Nd6 36. Bxf4 Rc8 37. Rxd6 Qxd6 38. Bxd6 cxd6 39.
Qxc8+ Kxc8 40. Kd3 1-0

[Event "Copa Latinoamericana de Ajedrez 2011"]
[Site "Montevideo URU"]
[Date "2011.11.03"]
[Round "4.72"]
[White "Lallana, Daniel"]
[Black "Britos, Alejandro"]
[Result "1-0"]
[WhiteElo "2003"]
[BlackElo "2052"]
[PlyCount "177"]
[EventDate "2011.11.01"]
[EventType "swiss"]
[EventRounds "9"]
[EventCountry "URU"]
[Source "lmi"]
[SourceDate "2011.11.01"]

1. c4 c6 2. d4 e6 3. Nc3 d5 4. e3 f5 5. Nf3 Nf6 6. c5 Be7 7. Bd3 O-O 8. Ne5
Nbd7 9. f4 Nxe5 10. fxe5 Ng4 11. Qf3 b6 12. b4 a5 13. Na4 b5 14. Nb6 Ra7 15. h3
Nxe5 16. dxe5 axb4 17. Nxc8 Qxc8 18. Bb2 Bxc5 19. Bd4 Bxd4 20. exd4 Qc7 21. O-O
Ra3 22. Qe2 Qb6 23. Rfd1 Qxd4+ 24. Kh1 Qf4 25. Rf1 Qh4 26. Bc2 Ra5 27. Qd2 c5
28. Bb3 c4 29. Qxb4 Rfa8 30. Bd1 Qg3 31. Bf3 Qxe5 32. Rfe1 Qf6 33. Qd6 R5a6 34.
Qc5 Rb8 35. Rab1 Rab6 36. a4 Qf8 37. Qd4 b4 38. Rxe6 Rxe6 39. Bxd5 Rbe8 40.
Qxc4 Qd6 41. Rxb4 Kf7 42. a5 Kf6 43. Bxe6 Rxe6 44. Qc3+ Kg6 45. Rd4 Qe5 46. a6
Qe1+ 47. Qxe1 Rxe1+ 48. Kh2 Ra1 49. Rd6+ Kf7 50. Rd7+ Kf6 51. Ra7 h5 52. Ra8
Kg5 53. Rg8 g6 54. h4+ Kf6 55. Ra8 Ke5 56. a7 Kf4 57. Rg8 Rxa7 58. Rxg6 Rh7 59.
Rg5 Rh6 60. Kg1 Ke4 61. Kf2 f4 62. Ra5 Rh8 63. Ra4+ Ke5 64. Kf3 Rh7 65. Rxf4
Rb7 66. Rf8 Rb3+ 67. Kf2 Rb2+ 68. Kg3 Rb3+ 69. Kh2 Rb5 70. Kh3 Rb3+ 71. g3 Ke4
72. Rh8 Rb5 73. Rg8 Rb6 74. Rg5 Rh6 75. g4 hxg4+ 76. Kxg4 Rh7 77. h5 Rh8 78.
Rg6 Rf8 79. h6 Rf1 80. Re6+ Kd5 81. Re3 Kd4 82. Rf3 Rg1+ 83. Rg3 Rh1 84. Kg5
Ke5 85. Kg6 Ra1 86. h7 Ra6+ 87. Kg7 Ra7+ 88. Kh6 Ra1 89. h8=Q+ 1-0

[Event "Copa Latinoamericana de Ajedrez 2011"]
[Site "Montevideo URU"]
[Date "2011.11.03"]
[Round "4.73"]
[White "De La Torre, Andres"]
[Black "Cucchi, Nicolas"]
[Result "1-0"]
[WhiteElo "2046"]
[BlackElo "2002"]
[PlyCount "104"]
[EventDate "2011.11.01"]
[EventType "swiss"]
[EventRounds "9"]
[EventCountry "URU"]
[Source "lmi"]
[SourceDate "2011.11.01"]

1. Nf3 Nf6 2. g3 g6 3. Bg2 Bg7 4. O-O O-O 5. d3 d5 6. Nbd2 c5 7. e4 Nc6 8. exd5
Nxd5 9. Re1 e5 10. Nc4 Re8 11. c3 Nb6 12. Qb3 Be6 13. Rd1 Qc7 14. Qb5 Nxc4 15.
dxc4 Rad8 16. Be3 b6 17. Ng5 Nb8 18. Nxe6 Rxe6 19. Rxd8+ Qxd8 20. Qa4 Qd7 21.
Qxd7 Nxd7 22. Rd1 Nf8 23. Rd8 Re7 24. Bd5 Rd7 25. Re8 Bf6 26. Bh6 Rd8 27. Rxd8
Bxd8 28. Kg2 Ne6 29. Kf3 Bg5 30. Bxg5 Nxg5+ 31. Ke3 Kg7 32. h4 Ne6 33. Bxe6
fxe6 34. Ke4 Kf6 35. g4 h6 36. b4 a6 37. a4 a5 38. b5 g5 39. h5 Kf7 40. Kxe5
Ke7 41. f3 Kd7 42. Kf6 Kd6 43. Kg6 Ke5 44. Kg7 Kf4 45. Kxh6 e5 46. Kg6 Kxf3 47.
h6 e4 48. h7 e3 49. h8=Q e2 50. Qf8+ Kg2 51. Qe7 Kf1 52. Qf6+ Kg2 1-0